[Event "LTU-chT"]
[Site "Lithuania"]
[Date "2023.03.05"]
[Round "3.1"]
[White "Galperin, Platon"]
[Black "Vaznonis, Vytautas"]
[Result "1-0"]
[WhiteElo "2551"]
[BlackElo "2368"]
[PlyCount "81"]
[EventDate "2023.03.04"]
[EventType "team"]
[EventRounds "7"]
[EventCountry "LTU"]
[SourceTitle "CBM 213 Extra"]
[Source "ChessBase"]
[SourceDate "2023.05.31"]
[SourceVersion "1"]
[SourceVersionDate "2023.05.31"]
[SourceQuality "1"]
[WhiteTeam "Vilnius Juoda Balta"]
[BlackTeam "Kaunas Security"]
[WhiteTeamCountry "LTU"]
[BlackTeamCountry "LTU"]

1. c4 c6 2. Nc3 d5 3. d4 Nf6 4. Nf3 a6 5. Qc2 Bg4 6. Ne5 Bh5 7. Qb3 Ra7 8. cxd5 Nxd5 9. g4 Bg6 10. h4 Nxc3 11. bxc3 Nd7 12. Bg2 Qb6 13. Qd1 Nf6 14. Ba3 Ra8 15. 0-0 Be4 16. Bxe4 Nxe4 17. Rb1 Qc7 18. Qb3 Nd6 19. c4 f6 20. Nd3 b5 21. cxb5 axb5 22. Bxd6 Qxd6 23. e3 Ra3 24. Qc2 Qe6 25. Kh2 Qxg4 26. Qxc6+ Kf7 27. Nf4 Qxh4+ 28. Kg1 Qg4+ 29. Kh1 g5 30. Ng2 Rxa2 31. Rxb5 Qe6 32. Qf3 h5 33. Rxg5 Qg4 34. Qd5+ Qe6 35. Qf3 Qa6 36. Rg1 Qe2 37. Qd5+ e6 38. Qd7+ Be7 39. Rg7+ Kxg7 40. Nf4+ Kf8 41. Qc8+ 1-0

[Event "LTU-chT"]
[Site "Lithuania"]
[Date "2023.03.04"]
[Round "1.4"]
[White "Kavalnis, Rytis"]
[Black "Vaznonis, Vytautas"]
[Result "1/2-1/2"]
[WhiteElo "1470"]
[BlackElo "2368"]
[PlyCount "83"]
[EventDate "2023.03.04"]
[EventType "team"]
[EventRounds "7"]
[EventCountry "LTU"]
[SourceTitle "CBM 213 Extra"]
[Source "ChessBase"]
[SourceDate "2023.05.31"]
[SourceVersion "1"]
[SourceVersionDate "2023.05.31"]
[SourceQuality "1"]
[WhiteTeam "Vilnius Sachmatu Erdves"]
[BlackTeam "Kaunas Security"]
[WhiteTeamCountry "LTU"]
[BlackTeamCountry "LTU"]

1. e4 e6 2. d4 d5 3. Nc3 Nf6 4. e5 Nfd7 5. f4 c5 6. Nf3 Nc6 7. Be3 cxd4 8. Nxd4 Bc5 9. Bb5 Nxd4 10. Bxd4 Qb6 11. Bxc5 Qxc5 12. Bxd7+ Bxd7 13. Qd2 0-0 14. 0-0-0 f6 15. exf6 Rxf6 16. g3 Rc8 17. Qd4 Qa5 18. Kb1 Be8 19. Rhe1 Bg6 20. Rd2 b5 21. a3 h6 22. Re5 Rc4 23. Qe3 b4 24. axb4 Qxb4 25. Ne2 Rc6 26. Nd4 Ra6 27. Re2 Qa4 28. Qa3 Qc4 29. Qc3 Qa2+ 30. Kc1 Be4 31. Nxe6 Rfxe6 32. Qc8+ Kf7 33. Qd7+ Kf6 34. Qd8+ Kg6 35. R2xe4 dxe4 36. f5+ Kh7 37. fxe6 Rxe6 38. Qd4 Qa1+ 39. Kd2 Rxe5 40. Qxe5 Qh1 41. Qf5+ Kg8 42. Qc8+ 1/2-1/2

[Event "LTU-chT"]
[Site "Lithuania"]
[Date "2022.03.11"]
[Round "1.4"]
[White "Vaznonis, Vytautas"]
[Black "Scekaciov, Rostislav"]
[Result "1-0"]
[WhiteElo "2377"]
[BlackElo "1784"]
[PlyCount "79"]
[EventDate "2022.03.11"]
[EventType "team-swiss"]
[EventRounds "7"]
[EventCountry "LTU"]
[SourceTitle "CBM 207 Extra"]
[Source "ChessBase"]
[SourceDate "2022.05.31"]
[SourceVersion "1"]
[SourceVersionDate "2022.05.31"]
[SourceQuality "1"]
[WhiteTeam "Kaunas SBK"]
[BlackTeam "Klaipeda Klaipedos"]
[WhiteTeamCountry "LTU"]
[BlackTeamCountry "LTU"]

1. d4 Nf6 2. c4 e6 3. Nc3 Bb4 4. Qc2 c5 5. dxc5 Bxc5 6. Nf3 Nc6 7. a3 d5 8. cxd5 exd5 9. Bg5 Be6 10. Rd1 Be7 11. e4 0-0 12. Be2 Qa5 13. Bxf6 Bxf6 14. exd5 Bxd5 15. b4 Bxc3+ 16. Qxc3 Qd8 17. 0-0 Ne7 18. Qe5 Rc8 19. Rd2 Qd7 20. Rfd1 Rfd8 21. Nd4 a6 22. h3 Qd6 23. Qxd6 Rxd6 24. Bg4 Rcd8 25. Nf5 Nxf5 26. Bxf5 g6 27. Be4 Bxe4 28. Rxd6 Rxd6 29. Rxd6 Bc6 30. g4 Kf8 31. Rd8+ Kg7 32. f4 h5 33. gxh5 gxh5 34. Kf2 Be4 35. Re8 f5 36. Kg3 Kf7 37. Rh8 Kg6 38. Kh4 Bf3 39. Rg8+ Kf6 40. Rg5 1-0

[Event "LTU-chT"]
[Site "Lithuania"]
[Date "2019.03.30"]
[Round "3.1"]
[White "Vedrickas, Tautvydas"]
[Black "Vaznonis, Vytautas"]
[Result "1-0"]
[WhiteElo "2390"]
[BlackElo "2388"]
[PlyCount "51"]
[EventDate "2019.01.26"]
[EventType "team-swiss"]
[EventRounds "7"]
[EventCountry "LTU"]
[SourceTitle "CBM 189 Extra"]
[Source "ChessBase"]
[SourceDate "2019.06.03"]
[SourceVersion "1"]
[SourceVersionDate "2019.06.03"]
[SourceQuality "1"]
[WhiteTeam "Vilnius MRU"]
[BlackTeam "Kaunas Ezerelio"]
[WhiteTeamCountry "LTU"]
[BlackTeamCountry "LTU"]

1. d4 d5 2. c4 c6 3. Nc3 Nf6 4. Nf3 a6 5. Qc2 dxc4 6. e4 b5 7. b3 cxb3 8. axb3 e6 9. Bd3 Be7 10. 0-0 a5 11. Qe2 b4 12. Na4 Ba6 13. Bxa6 Rxa6 14. Bf4 Nfd7 15. Rfd1 0-0 16. Rac1 Re8 17. h3 Ra7 18. Be3 Rb7 19. Nd2 Bd6 20. f4 Bc7 21. Nc4 Qe7 22. Qf3 f5 23. exf5 exf5 24. d5 Nf6 25. d6 Bxd6 26. Nxd6 1-0

[Event "LTU-chT rapid"]
[Site "Marijampole"]
[Date "2018.11.10"]
[Round "1.1"]
[White "Vaznonis, Vytautas"]
[Black "Stremavicius, Pijus"]
[Result "1-0"]
[WhiteElo "2263"]
[BlackElo "1928"]
[PlyCount "58"]
[EventDate "2018.11.10"]
[EventType "team-swiss (rapid)"]
[EventRounds "7"]
[EventCountry "LTU"]
[SourceTitle "EXT 2020"]
[Source "ChessBase"]
[SourceDate "2019.10.17"]
[SourceVersion "1"]
[SourceVersionDate "2019.10.17"]
[SourceQuality "1"]

1. c4 e5 2. Nc3 d6 3. g3 g6 4. Bg2 Bg7 5. Nf3 Nc6 6. 0-0 Nge7 7. Rb1 a5 8. a3 0-0 9. b4 axb4 10. axb4 Be6 11. d3 Qc8 12. b5 Nd8 13. b6 c6 14. Ng5 Bd7 15. Nge4 d5 16. Nc5 Bh3 17. Qb3 Bxg2 18. Kxg2 Ne6 19. Nxe6 Qxe6 20. cxd5 Nxd5 21. Ne4 Rfe8 22. Bd2 Bf8 23. Ng5 Qe7 24. e4 Nf6 25. f4 h6 26. fxe5 hxg5 27. Rxf6 Qxe5 28. Qxf7+ Kh8 29. Rxg6 Re7 1-0

[Event "LTU-chT"]
[Site "Lithuania"]
[Date "2016.02.06"]
[Round "3.3"]
[White "Vedrickas, Tautvydas"]
[Black "Vaznonis, Vytautas"]
[Result "1-0"]
[WhiteElo "2367"]
[BlackElo "2390"]
[PlyCount "69"]
[EventDate "2016.01.23"]
[EventType "team-swiss"]
[EventRounds "7"]
[EventCountry "LTU"]
[SourceTitle "CBM 170 Extra"]
[Source "ChessBase"]
[SourceDate "2016.02.25"]
[SourceVersion "1"]
[SourceVersionDate "2016.02.25"]
[SourceQuality "1"]
[WhiteTeam "Vilnius MRU"]
[BlackTeam "Kaunas Ezerelio"]
[WhiteTeamCountry "LTU"]
[BlackTeamCountry "LTU"]

1. d4 d5 2. c4 c6 3. cxd5 cxd5 4. Nc3 Nf6 5. f3 e6 6. e4 dxe4 7. fxe4 Nc6 8. Nf3 Bb4 9. Bd3 Ba5 10. 0-0 Bb6 11. Kh1 Bxd4 12. Nxd4 Qxd4 13. e5 Nd5 14. Nb5 Qxe5 15. Re1 Qb8 16. Qg4 g6 17. Bh6 a6 18. Nc3 Nxc3 19. bxc3 Qd6 20. Rad1 Qe7 21. Rf1 f6 22. Qf4 Ne5 23. Be4 Nd7 24. Qc7 Nc5 25. Rd8+ Qxd8 26. Qg7 Qe7 27. Qxh8+ Kd7 28. Bf8 Nxe4 29. Bxe7 Kxe7 30. Qxh7+ Kd6 31. Qxg6 f5 32. Rxf5 Bd7 33. Rf4 Nxc3 34. Qg3 Ne2 35. Qd3+ 1-0

[Event "LTU-chT"]
[Site "Lithuania"]
[Date "2016.01.23"]
[Round "1.3"]
[White "Stauskas, Lukas"]
[Black "Vaznonis, Vytautas"]
[Result "1/2-1/2"]
[WhiteElo "2122"]
[BlackElo "2390"]
[PlyCount "103"]
[EventDate "2016.01.23"]
[EventType "team-swiss"]
[EventRounds "7"]
[EventCountry "LTU"]
[SourceTitle "CBM 170 Extra"]
[Source "ChessBase"]
[SourceDate "2016.02.25"]
[SourceVersion "1"]
[SourceVersionDate "2016.02.25"]
[SourceQuality "1"]
[WhiteTeam "Siauliai Tomas"]
[BlackTeam "Kaunas Ezerelio"]
[WhiteTeamCountry "LTU"]
[BlackTeamCountry "LTU"]

1. d4 d5 2. c4 c6 3. Nf3 Nf6 4. Nc3 dxc4 5. a4 Bf5 6. Ne5 e6 7. f3 Bb4 8. e4 Bxe4 9. fxe4 Nxe4 10. Bd2 Qxd4 11. Nxe4 Qxe4+ 12. Qe2 Bxd2+ 13. Kxd2 Qd5+ 14. Kc2 Na6 15. Rd1 Qa5 16. Nxc4 Qxa4+ 17. b3 Qa2+ 18. Kc3 Qxe2 19. Nd6+ Ke7 20. Bxe2 b5 21. Bf3 Rab8 22. Bxc6 Rb6 23. Bb7 Nb8 24. Nc8+ Rxc8+ 25. Bxc8 Rc6+ 26. Kb4 Rxc8 27. Rc1 Nc6+ 28. Kxb5 Nd4+ 29. Ka4 Rxc1 30. Rxc1 Kd6 31. Rc8 e5 32. Kb4 h5 33. Rd8+ Ke6 34. Kc4 f5 35. Ra8 f4 36. Rxa7 g5 37. Rh7 g4 38. Rh6+ Kf5 39. Rxh5+ Ke4 40. Rg5 Nc2 41. Kc3 Ne3 42. b4 f3 43. gxf3+ gxf3 44. Rg1 f2 45. Ra1 Kf3 46. b5 e4 47. b6 Nd5+ 48. Kd4 Nxb6 49. Ra3+ Kg4 50. Ra1 Kf4 51. Ra7 Kf3 52. Rf7+ 1/2-1/2

[Event "LTU-chT"]
[Site "Lithuania"]
[Date "2015.03.29"]
[Round "7.4"]
[White "Babrauskas, Darius"]
[Black "Vaznonis, Vytautas"]
[Result "1/2-1/2"]
[WhiteElo "2045"]
[BlackElo "2394"]
[PlyCount "127"]
[EventDate "2015.01.24"]
[EventType "team-tourn"]
[EventRounds "7"]
[EventCountry "LTU"]
[SourceTitle "EXT 2016"]
[Source "ChessBase"]
[SourceDate "2015.10.08"]
[SourceVersion "1"]
[SourceVersionDate "2015.10.08"]
[SourceQuality "1"]
[WhiteTeam "Marijampole Suduva"]
[BlackTeam "Kaunas AG"]
[WhiteTeamCountry "LTU"]
[BlackTeamCountry "LTU"]

1. e4 e6 2. d4 d5 3. Nd2 Nf6 4. Bd3 c5 5. e5 Nfd7 6. c3 Nc6 7. Ne2 cxd4 8. cxd4 f6 9. exf6 Nxf6 10. Nf3 Bd6 11. 0-0 Qc7 12. Bg5 0-0 13. Rc1 Bd7 14. a3 Be8 15. Ng3 h6 16. Bd2 Nh5 17. Re1 Nxg3 18. hxg3 Bh5 19. Be2 Qf7 20. Be3 Qf6 21. Qd2 Rad8 22. Nh2 Bxe2 23. Rxe2 Bb8 24. Nf3 a6 25. Rce1 Qf5 26. Nh4 Qg4 27. Qd3 Rf6 28. Nf3 Rdf8 29. Nh2 Qh5 30. Bd2 Ba7 31. Be3 Kh8 32. b4 Qf7 33. Rd2 Qh5 34. Rde2 Bb8 35. Bd2 e5 36. dxe5 Nxe5 37. Qc3 Nc4 38. Bc1 Ba7 39. Bf4 b5 40. Nf3 Qf5 41. Nd4 Bxd4 42. Qxd4 Nxa3 43. Re5 Qg6 44. Qxd5 Nc2 45. R1e4 Na3 46. Re6 Nc4 47. Qc6 Kh7 48. Rxf6 Rxf6 49. Qa8 Re6 50. f3 Rxe4 51. fxe4 Qb6+ 52. Kh2 g5 53. Bb8 Ne3 54. e5 Ng4+ 55. Kh1 Nf2+ 56. Kh2 Ng4+ 57. Kh3 Nf2+ 58. Kh2 Kg6 59. Ba7 Ng4+ 60. Kh3 Nf2+ 61. Kh2 Ng4+ 62. Kh3 Nf2+ 63. Kh2 Ng4+ 64. Kh3 1/2-1/2

[Event "LTU-chT"]
[Site "Lithuania"]
[Date "2014.02.09"]
[Round "5.2"]
[White "Vaznonis, Vytautas"]
[Black "Maiorov, Nikita"]
[Result "0-1"]
[WhiteElo "2389"]
[BlackElo "2552"]
[PlyCount "106"]
[EventDate "2014.01.25"]
[EventType "team-swiss"]
[EventRounds "7"]
[EventCountry "LTU"]
[SourceTitle "CBM 158 Extra"]
[Source "ChessBase"]
[SourceDate "2014.02.28"]
[SourceVersion "1"]
[SourceVersionDate "2014.02.28"]
[SourceQuality "1"]
[WhiteTeam "Kaunas AG"]
[BlackTeam "Panevezys"]
[WhiteTeamCountry "LTU"]
[BlackTeamCountry "LTU"]

1. d4 Nf6 2. Nf3 e6 3. e3 b6 4. Bd3 Bb7 5. 0-0 d5 6. b3 Bd6 7. Bb2 0-0 8. Ne5 c5 9. Nd2 Nc6 10. a3 Ne7 11. Qf3 Rc8 12. Qh3 h6 13. dxc5 bxc5 14. f4 Ne4 15. Bxe4 dxe4 16. Rfd1 Bd5 17. Ng4 Nf5 18. c4 Ba8 19. Nf2 Qb6 20. Nfxe4 Be7 21. Ng3 Nxe3 22. Bxg7 Kxg7 23. Nh5+ Kg6 24. Qxe3 Kxh5 25. f5 Rg8 26. Qh3+ Kg5 27. Rf1 Qd6 28. Qe3+ Kh5 29. Qe2+ Rg4 30. h3 Qd4+ 31. Rf2 Qxa1+ 32. Nf1 Rcg8 33. Rf4 exf5 34. Rxf5+ Kg6 35. Qxg4+ Kh7 36. Rxf7+ Kh8 37. Qxg8+ Kxg8 38. Rxe7 Kf8 39. Re3 Qxa3 40. Kh2 Qa2 41. Rg3 Qf2 42. Ne3 Qf4 43. h4 Qxh4+ 44. Rh3 Qf4+ 45. Kg1 Ke8 46. Nf1 Kd7 47. Re3 h5 48. Rd3+ Kc7 49. Rd2 h4 50. Rf2 Qd4 51. Nd2 Qg4 52. Nf1 h3 53. Ne3 Qd4 0-1

[Event "LTU-chT"]
[Site "Lithuania"]
[Date "2014.02.08"]
[Round "3.2"]
[White "Sakalauskas, Vaidas"]
[Black "Vaznonis, Vytautas"]
[Result "0-1"]
[WhiteElo "2399"]
[BlackElo "2389"]
[PlyCount "67"]
[EventDate "2014.01.25"]
[EventType "team-swiss"]
[EventRounds "7"]
[EventCountry "LTU"]
[SourceTitle "CBM 158 Extra"]
[Source "ChessBase"]
[SourceDate "2014.02.28"]
[SourceVersion "1"]
[SourceVersionDate "2014.02.28"]
[SourceQuality "1"]
[WhiteTeam "Vilnius MRU"]
[BlackTeam "Kaunas AG"]
[WhiteTeamCountry "LTU"]
[BlackTeamCountry "LTU"]

1. d4 d5 2. c4 c6 3. Nc3 Nf6 4. e3 a6 5. Qc2 b5 6. b3 Bg4 7. Nge2 Nbd7 8. h3 Bh5 9. Nf4 Bg6 10. Nxg6 hxg6 11. Be2 e5 12. dxe5 Nxe5 13. 0-0 Qc7 14. f4 Ned7 15. cxd5 cxd5 16. Qd3 Nb6 17. Bf3 Bc5 18. Ne2 0-0 19. Bb2 Rfe8 20. Nd4 Qe7 21. Rfe1 Rac8 22. Rad1 Ne4 23. Nc2 Qh4 24. Bxe4 dxe4 25. Qe2 Rcd8 26. Rxd8 Rxd8 27. Kh1 Rd3 28. Rd1 Qh5 29. Re1 Qxe2 30. Rxe2 Nd5 31. Bd4 Bxd4 32. exd4 f5 33. Rf2 e3 34. Rf3 0-1

[Event "LTU-chT"]
[Site "Vilnius"]
[Date "2013.02.09"]
[Round "4.1"]
[White "Malisauskas, Vidmantas"]
[Black "Vaznonis, Vytautas"]
[Result "1-0"]
[WhiteElo "2450"]
[BlackElo "2394"]
[PlyCount "97"]
[EventDate "2013.01.19"]
[EventType "team-swiss"]
[EventRounds "7"]
[EventCountry "LTU"]
[SourceTitle "CBM 152 Extra"]
[Source "ChessBase"]
[SourceDate "2013.02.25"]
[SourceVersion "1"]
[SourceVersionDate "2013.02.25"]
[SourceQuality "1"]
[WhiteTeam "Kaunas Milsa"]
[BlackTeam "Kaunas AG"]
[WhiteTeamCountry "LTU"]
[BlackTeamCountry "LTU"]

1. c4 c6 2. e4 d5 3. exd5 cxd5 4. d4 Nf6 5. Nc3 e6 6. Nf3 Be7 7. Bg5 0-0 8. Rc1 Nc6 9. c5 Ne4 10. Bxe7 Qxe7 11. Bb5 Nxc3 12. Rxc3 e5 13. dxe5 Nxe5 14. Nxe5 Qxe5+ 15. Qe2 Qg5 16. 0-0 d4 17. Rcc1 Be6 18. b4 Bd5 19. f4 Qf6 20. a3 Bc6 21. Bxc6 bxc6 22. Qe5 Rfe8 23. Qxf6 gxf6 24. Rfe1 Re6 25. Rcd1 Rd8 26. Kf2 f5 27. Rxe6 fxe6 28. Ke2 Kf7 29. Kd3 Kf6 30. Kc4 e5 31. fxe5+ Kxe5 32. Re1+ Kf6 33. b5 cxb5+ 34. Kxb5 Rb8+ 35. Kc4 Rb2 36. c6 Rc2+ 37. Kd5 d3 38. Kd6 Rxg2 39. Rd1 Rxh2 40. c7 Rc2 41. Rxd3 Kg5 42. Rd5 Rxc7 43. Kxc7 Kg4 44. Kb7 f4 45. Kxa7 f3 46. a4 f2 47. Rd1 Kf3 48. a5 Ke2 49. Ra1 1-0

[Event "LTU-chT"]
[Site "Vilnius"]
[Date "2013.02.09"]
[Round "3.2"]
[White "Vaznonis, Vytautas"]
[Black "Bucinskas, Valdas"]
[Result "1/2-1/2"]
[WhiteElo "2394"]
[BlackElo "2373"]
[PlyCount "81"]
[EventDate "2013.01.19"]
[EventType "team-swiss"]
[EventRounds "7"]
[EventCountry "LTU"]
[SourceTitle "CBM 152 Extra"]
[Source "ChessBase"]
[SourceDate "2013.02.25"]
[SourceVersion "1"]
[SourceVersionDate "2013.02.25"]
[SourceQuality "1"]
[WhiteTeam "Kaunas AG"]
[BlackTeam "Vilnius Chess United"]
[WhiteTeamCountry "LTU"]
[BlackTeamCountry "LTU"]

1. d4 d5 2. c4 dxc4 3. e3 e5 4. Bxc4 exd4 5. exd4 Nf6 6. Nf3 Be7 7. 0-0 0-0 8. Nc3 Nc6 9. h3 a6 10. a3 b5 11. Ba2 b4 12. Na4 Nd5 13. Qc2 Qd6 14. Bd2 bxa3 15. bxa3 Nd8 16. Nc5 c6 17. Ne5 Ne6 18. Bb1 g6 19. Nxe6 Bxe6 20. Qxc6 Rfc8 21. Qxd6 Bxd6 22. Be4 Kg7 23. a4 f6 24. Nf3 f5 25. Bd3 Nb4 26. Bxb4 Bxb4 27. Rac1 Bc3 28. Rb1 Bd5 29. Rfc1 a5 30. Be2 Bb4 31. Ne5 Rc3 32. Rxc3 Bxc3 33. Bf3 Rd8 34. Bxd5 Rxd5 35. Rb7+ Kh6 36. Nf7+ Kh5 37. Ne5 Kh6 38. Nf7+ Kh5 39. Ne5 Kh6 40. Nf7+ Kh5 41. Ne5 1/2-1/2

[Event "LTU-chT"]
[Site "Vilnius"]
[Date "2013.01.19"]
[Round "1.1"]
[White "Vaznonis, Vytautas"]
[Black "Martinkus, Rolandas"]
[Result "1-0"]
[WhiteElo "2394"]
[BlackElo "2203"]
[PlyCount "75"]
[EventDate "2013.01.19"]
[EventType "team-swiss"]
[EventRounds "7"]
[EventCountry "LTU"]
[SourceTitle "CBM 152 Extra"]
[Source "ChessBase"]
[SourceDate "2013.02.25"]
[SourceVersion "1"]
[SourceVersionDate "2013.02.25"]
[SourceQuality "1"]
[WhiteTeam "Kaunas AG"]
[BlackTeam "Marijampole Suduva"]
[WhiteTeamCountry "LTU"]
[BlackTeamCountry "LTU"]

1. d4 Nf6 2. Nf3 g6 3. c4 Bg7 4. Nc3 0-0 5. e4 d6 6. Be2 e5 7. 0-0 Nc6 8. d5 Ne7 9. Ne1 Nd7 10. Be3 f5 11. f3 f4 12. Bf2 g5 13. a4 Rf6 14. a5 Rh6 15. Nd3 Qe8 16. Be1 Qh5 17. h3 Nf6 18. Nf2 Qe8 19. c5 Nh5 20. Ng4 Ng3 21. Nxh6+ Bxh6 22. Bxg3 fxg3 23. Qe1 Ng6 24. cxd6 Bxh3 25. gxh3 g2 26. Kxg2 Nf4+ 27. Kh2 Kh8 28. dxc7 Qd7 29. Qg3 g4 30. Qxg4 Qxc7 31. Rg1 Ng6 32. Rg2 Rg8 33. Qe6 Qd8 34. Rag1 Be3 35. Rxg6 hxg6 36. Rxg6 Bf4+ 37. Kh1 Rxg6 38. Qxg6 1-0

[Event "EU-ch rapid"]
[Site "Warsaw"]
[Date "2012.12.16"]
[Round "11"]
[White "Dziuba, Marcin"]
[Black "Vaznonis, Vytautas"]
[Result "1-0"]
[WhiteElo "2602"]
[BlackElo "2394"]
[PlyCount "62"]
[EventDate "2012.12.15"]
[EventType "swiss (rapid)"]
[EventRounds "11"]
[EventCountry "POL"]
[SourceTitle "EXT 2014"]
[Source "ChessBase"]
[SourceDate "2013.11.20"]
[SourceVersion "1"]
[SourceVersionDate "2013.11.20"]
[SourceQuality "1"]

1. d4 d5 2. c4 c6 3. Nf3 Nf6 4. e3 Bf5 5. Nc3 e6 6. Nh4 Bg6 7. Be2 Nbd7 8. 0-0 Be7 9. g3 0-0 10. Nxg6 hxg6 11. b3 a6 12. Bb2 b5 13. Bf3 bxc4 14. bxc4 Rb8 15. Rb1 Nb6 16. c5 Nc4 17. Ba1 Rxb1 18. Nxb1 Qa5 19. Qc2 Rb8 20. Bc3 Qc7 21. Be2 g5 22. Nd2 g6 23. Nxc4 Kg7 24. f3 Qb7 25. e4 Kg8 26. Nd2 e5 27. Rb1 Qa7 28. Rxb8+ Qxb8 29. Qb3 Qa7 30. Qb6 Qd7 31. Qb8+ Ne8 1-0

[Event "EU-ch rapid"]
[Site "Warsaw"]
[Date "2012.12.15"]
[Round "7"]
[White "Edouard, Romain"]
[Black "Vaznonis, Vytautas"]
[Result "1-0"]
[WhiteElo "2686"]
[BlackElo "2394"]
[PlyCount "41"]
[EventDate "2012.12.15"]
[EventType "swiss (rapid)"]
[EventRounds "11"]
[EventCountry "POL"]
[SourceTitle "EXT 2014"]
[Source "ChessBase"]
[SourceDate "2013.11.20"]
[SourceVersion "1"]
[SourceVersionDate "2013.11.20"]
[SourceQuality "1"]

1. d4 d5 2. c4 c6 3. Nf3 Nf6 4. Qc2 a6 5. e3 b5 6. b3 e6 7. Bd3 Nbd7 8. Nbd2 bxc4 9. bxc4 c5 10. 0-0 Be7 11. cxd5 Nxd5 12. Be4 Bb7 13. Rb1 Rb8 14. Ba3 cxd4 15. Bxe7 Kxe7 16. Nxd4 Qc8 17. Qd3 f5 18. Rfc1 fxe4 19. Qa3+ Kf7 20. Rxc8 Rhxc8 21. Nxe4 1-0

[Event "NATO-ch 22nd"]
[Site "Kaunas"]
[Date "2011.08.11"]
[Round "6"]
[White "Jauk, Wilhelm"]
[Black "Vaznonis, Vytautas"]
[Result "1/2-1/2"]
[WhiteElo "2164"]
[BlackElo "2395"]
[PlyCount "33"]
[EventDate "2011.08.08"]
[EventType "swiss"]
[EventRounds "7"]
[EventCountry "LTU"]
[SourceTitle "CBM 143 Extra"]
[Source "ChessBase"]
[SourceDate "2011.08.29"]
[SourceVersion "1"]
[SourceVersionDate "2011.08.29"]
[SourceQuality "1"]

1. d4 d5 2. c4 c6 3. Nc3 e5 4. cxd5 cxd5 5. e3 exd4 6. exd4 Nf6 7. Bd3 Nc6 8. Nge2 Be7 9. 0-0 0-0 10. Bf4 Bg4 11. Qb3 Na5 12. Qc2 Bh5 13. Rac1 Rc8 14. Ng3 Bg6 15. Nf5 Nc6 16. Qd1 Qd7 17. Nxe7+ 1/2-1/2

[Event "NATO-ch 22nd"]
[Site "Kaunas"]
[Date "2011.08.11"]
[Round "5"]
[White "Vaznonis, Vytautas"]
[Black "Oltean, Gusztav"]
[Result "1-0"]
[WhiteElo "2395"]
[BlackElo "2118"]
[PlyCount "101"]
[EventDate "2011.08.08"]
[EventType "swiss"]
[EventRounds "7"]
[EventCountry "LTU"]
[SourceTitle "CBM 143 Extra"]
[Source "ChessBase"]
[SourceDate "2011.08.29"]
[SourceVersion "1"]
[SourceVersionDate "2011.08.29"]
[SourceQuality "1"]

1. d4 g6 2. e4 Bg7 3. Nc3 c5 4. d5 d6 5. Nf3 Bg4 6. h3 Bxf3 7. Qxf3 Nf6 8. Be2 0-0 9. g4 Na6 10. h4 Nb4 11. Kd1 e6 12. a3 Na6 13. h5 exd5 14. exd5 Nc7 15. Bg5 h6 16. Be3 g5 17. Bxg5 hxg5 18. h6 Bxh6 19. Rxh6 Kg7 20. Rh3 Rh8 21. Rxh8 Qxh8 22. Kd2 Qh2 23. Rh1 Qf4+ 24. Qxf4 gxf4 25. Bf3 Re8 26. g5 Nh7 27. Ne4 Re5 28. Nxd6 Nxg5 29. Rg1 Kf6 30. Rxg5 Rxg5 31. Ne4+ Kg6 32. Nxg5 Kxg5 33. d6 Ne6 34. Bxb7 Kf6 35. Bc6 Ke5 36. d7 Kd6 37. Ba4 Kc7 38. Kd3 Ng5 39. c3 f5 40. Bc6 Nf7 41. Bb5 Nd6 42. Ba4 Nf7 43. Kc4 Ne5+ 44. Kxc5 Nd3+ 45. Kd4 Nxf2 46. Bc6 Ng4 47. b4 Ne3 48. a4 Nf1 49. a5 f3 50. b5 f2 51. b6+ 1-0